000 00484nam a2200169Ia 4500
008 220216s9999 xx 000 0 und d
100 _aHiziroglu S
245 0 _aSurface roughness evaluation of medium density fibreboard manufactured in Malaysia
260 _bJournal of Tropical Forest Products
_c1999
300 _a93-97
500 _aIRRDB. 67. 2000
650 _aFibreboard manufacture
650 _aMalaysia
650 _aRubberwood
700 _aBaba Ishak
942 _cBO
999 _c47983
_d47983